000
00288nam a2200133Ia 4500
100
_a
Khurmi/R.S
942
_c
BK
654
_a
Fluid
245
_a
fluid mechanics and hydraulic machines
260
_b
Laxmi
_a
New Delhi
_c
1987
082
_a
532
_b
BAN
300
_a
1154
546
_a
ENGLISH
999
_c
26120
_d
26120